000 00437nam a2200181Ia 4500
003 OSt
005 20230228161150.0
008 210210b1995 xxu||||| |||| 00| 0 eng d
040 _cAL
041 _aeng
082 _a311/108 GUPS
100 _aGUPTA (S P)
_973664
245 _aStatistical methods
260 _a1995
_bSultan Chand and Sons
_c1995
690 _aMathematical Statistics
_973665
906 _a049481
942 _2ddc
_cBK
999 _c128526
_d128526